000
00268nam a22001217a 4500
008
181031b xxu||||| |||| 00| 0 eng d
041
_a
eng
080
_a
721
100
_a
42
101
_a
NDE
245
_a
Home Woodworking & Finishing
_c
Handyman
942
_2
udc
_c
BK
999
_c
51208
_d
51208